Statistics for Fiorentina Squad 2018-2019

Click here to take the quiz!

General Stats

  • This quiz has been taken 21 times
    (18 since last reset)
  • The average score is 15 of 30

Answer Stats

RuoloGiocatoreNazionalità% Correct
GKAlban LafontFrance
83%
GKBartlomiej DragowskiPoland
83%
LBCristiano BiraghiItaly
75%
STGiovanni SimeoneArgentina
75%
RWFederico ChiesaItaly
67%
CBGermán PezzellaArgentina
67%
CBVitor HugoBrazil
67%
STDusan VlahovićSerbia
58%
CMMarco BenassiItaly
58%
RBVincent LauriniFrance
58%
CMBryan DaboBurkina Faso
50%
STCyril ThéréauFrance
50%
CMGersonBrazil
50%
CMJordan VeretoutFrance
50%
RWKevin MirallasBelgium
50%
LWMarko PjacaCroatia
50%
GKMichele CerofoliniItaly
50%
CBNikola MilenkovićSerbia
50%
CMChristian NörgaardDenmark
42%
LBDavid HanckoSlovakia
42%
CBFederico CeccheriniItaly
42%
RBKevin DiksNetherlands
42%
LBMaxi OliveraUruguay
42%
LWRiccardo SottilItaly
42%
CMEdimilson FernandesSwitzerland
33%
LWJaime BáezUruguay
25%
STMartin GraiciarCzech Rep
25%
CMSebastián CristóforoUruguay
25%
LMValentin EyssericFrance
17%
CMAndrés SchetinoUruguay
8%

Score Distribution

Percentile by Number Answered

Percent of People with Each Score

Your Score History

You have not taken this quiz since the last reset